Stolice Australii i Oceanii z terytoriami zależnymi - Statystyki

Ogólne statystyki
  • Ten quiz został rozwiązany 175 razy
  • Średni wynik to 14 z 23
Statystyki odpowiedzi
Kraj Stolica % Poprawnych
Australia Canberra
99%
Fidżi Suva
90%
Nowa Zelandia Wellington
79%
Wyspy Salomona Honiara
76%
Mikronezja Palikir
74%
Papua Nowa Gwinea Port Moresby
71%
Nauru Yaren
71%
Samoa Apia
69%
Vanuatu Port Vila
66%
Wyspy Marshalla Majuro / Delap
63%
Palau Ngerulmud
63%
Tuvalu Vaiaku / Funafuti
60%
Kiribati Bairiki
54%
Tonga Nuku'alofa
54%
Nowa Kaledonia Numea
54%
Pitcairn Adamstown
50%
Niue Alofi
47%
Guam Hagatna
47%
Polinezja Francuska Papeete
47%
Samoa Amerykańskie Pago Pago
43%
Norfolk Kingston
39%
Wyspy Cooka Avarua
37%
Mariany Północne Capitol Hill
36%
Nie znaleziono quizów pasujących do podanych kryteriów
Rozkład punktacji
Procent ludzi z każdym wynikiem
Percentyl według liczby udzielonych odpowiedzi
Twoja historia wyników
Nie rozwiązałeś tego quizu